Sustainable materials for rubber and allied industries / (Record no. 52403)

MARC details
000 -LEADER
fixed length control field 00700nam a2200253Ia 4500
005 - DATE AND TIME OF LATEST TRANSACTION
control field 20260429112117.0
008 - FIXED-LENGTH DATA ELEMENTS--GENERAL INFORMATION
fixed length control field 260429s9999||||xx |||||||||||||| ||und||
020 ## - INTERNATIONAL STANDARD BOOK NUMBER
International Standard Book Number 9781032795133
041 ## - LANGUAGE CODE
Language English
082 ## - DEWEY DECIMAL CLASSIFICATION NUMBER
Classification number 678.048
Item number BHO
100 ## - MAIN ENTRY--PERSONAL NAME
Personal name Bhowmick, Anil K.
245 #0 - TITLE STATEMENT
Title Sustainable materials for rubber and allied industries /
Statement of responsibility, etc Anil K. Bhowmick
250 ## - EDITION STATEMENT
Edition statement 1st ed.
260 ## - PUBLICATION, DISTRIBUTION, ETC. (IMPRINT)
Place of publication, distribution, etc Boca Raton :
Name of publisher, distributor, etc CRC Press,
Date of publication, distribution, etc 2026.
300 ## - PHYSICAL DESCRIPTION
Extent xxi, 678 p.; hb
650 ## - SUBJECT ADDED ENTRY--TOPICAL TERM
Topical term or geographic name as entry element Industries
650 ## - SUBJECT ADDED ENTRY--TOPICAL TERM
Topical term or geographic name as entry element Sustainable materials
650 ## - SUBJECT ADDED ENTRY--TOPICAL TERM
Topical term or geographic name as entry element Rubber
700 ## - ADDED ENTRY--PERSONAL NAME
Personal name Chanda, Jagannath
700 ## - ADDED ENTRY--PERSONAL NAME
Personal name Koley, riya
700 ## - ADDED ENTRY--PERSONAL NAME
Personal name Mukhopadhyay, Rabindra
700 ## - ADDED ENTRY--PERSONAL NAME
Personal name Samui, Barun Kumar
942 ## - ADDED ENTRY ELEMENTS (KOHA)
Koha item type Text Books
Holdings
Withdrawn status Lost status Damaged status Not for loan Collection code Home library Location Shelving location Date of Cataloging Source of acquisition Total Checkouts Full call number Barcode Date last seen Price effective from Koha item type
        Non-fiction CUTN Central Library CUTN Central Library Medicine, Technology & Management 29/04/2026 CBS Publishers & Distributors, New Delhi - Invoice No. COR/IN/26/11710 on   678.048 BHO 57479 29/04/2026 29/04/2026 Text Books